[Event "22MCRW_F"]
[Site "?"]
[Date "2010.??.??"]
[Round "?"]
[White "Laurenc, Petr"]
[Black "Sykora, Josef"]
[Result "1/2-1/2"]
[WhiteElo "2349"]
[BlackElo "2351"]
[PlyCount "103"]
[EventDate "2010.??.??"]
[EventType "corr"]
[EventRounds "1"]
[SourceDate "2010.03.27"]

1. d4 Nf6 2. c4 e6 3. Nc3 Bb4 4. e3 O-O 5. Bd3 d5 6. Nf3 c5 7. O-O Nc6 8. a3
Bxc3 9. bxc3 dxc4 10. Bxc4 Qc7 11. Bb2 e5 12. h3 Bf5 13. Qe2 e4 14. Nd2 Rac8
15. Ba2 Rfd8 16. Rfd1 Qe7 17. Rac1 Bg6 18. Re1 h6 19. a4 b6 20. Ba3 Nd5 21. f3
Nf6 22. f4 Na5 23. Red1 Bf5 24. Nb3 Nb7 25. a5 Be6 26. a6 Nd6 27. dxc5 bxc5 28.
Nxc5 Bxa2 29. Qxa2 Nb5 30. Bb4 Rxd1+ 31. Rxd1 Rxc5 32. c4 Qc7 33. Bxc5 Nc3 34.
Qb3 Nxd1 35. Bd4 Nxe3 36. Bxe3 Qa5 37. Bxa7 Qxa6 38. Be3 Qe6 39. Qb5 Kh7 40.
Kf2 Kg8 41. Qb3 Kh7 42. Qc3 Qa6 43. c5 Qa2+ 44. Qd2 Qe6 45. Qd6 Qa2+ 46. Qd2
Qe6 47. Qc3 Qa2+ 48. Kg3 Qe6 49. Qe5 Qxe5 50. fxe5 Nd5 51. Kf2 Kg6 52. g4
1/2-1/2

[Event "22MCRW_F"]
[Site "?"]
[Date "2010.??.??"]
[Round "?"]
[White "Binas, Jindrich"]
[Black "Javorsky, Jan"]
[Result "1/2-1/2"]
[WhiteElo "2197"]
[BlackElo "2320"]
[PlyCount "139"]
[EventDate "2010.??.??"]
[EventType "corr"]
[EventRounds "1"]
[SourceDate "2010.03.27"]

1. e4 e6 2. d4 d5 3. Nd2 c5 4. exd5 exd5 5. Ngf3 Nf6 6. Bb5+ Bd7 7. Bxd7+ Nbxd7
8. O-O Be7 9. dxc5 Nxc5 10. Nd4 O-O 11. Nf5 Re8 12. Nb3 Bf8 13. Nxc5 Bxc5 14.
Be3 Qc7 15. Bxc5 Qxc5 16. c3 Re4 17. Qb3 b6 18. Rad1 Rc8 19. Rfe1 Ng4 20. Nd4
Ne5 21. h3 Nc4 22. Qc2 g6 23. f3 Rxe1+ 24. Rxe1 b5 25. Qf2 a5 26. Re2 b4 27.
cxb4 axb4 28. Rc2 Qf8 29. Kh1 h5 30. b3 Na3 31. Rxc8 Qxc8 32. Qe1 Qc5 33. Qe8+
Kg7 34. Qe5+ Kg8 35. Qb8+ Kg7 36. Qf4 Nb5 37. Nxb5 Qxb5 38. Qe5+ Kg8 39. Qe7
Qb8 40. Qc5 Qa8 41. Qxb4 Qxa2 42. Qa4 Qd2 43. Qe8+ Kg7 44. Qe5+ Kh7 45. Kh2 d4
46. Qc7 Kg8 47. Qb8+ Kg7 48. Qe5+ Kf8 49. Qd6+ Kg7 50. Qe5+ Kh7 51. Qc7 d3 52.
Qxf7+ Kh6 53. Qf8+ Kh7 54. Qf7+ Kh6 55. Qf8+ Kh7 56. Qf7+ Kh6 57. Qf8+ Kh7 58.
Qf7+ Kh6 59. Qf8+ Kh7 60. Qf7+ Kh6 61. Qf8+ Kh7 62. Qf7+ Kh6 63. Qf8+ Kh7 64.
Qf7+ Kh6 65. Qf8+ Kh7 66. Qf7+ Kh6 67. Qf8+ Kh7 68. Qf7+ Kh6 69. Qf6 Qc2 70. h4
1/2-1/2

[Event "22MCRW_F"]
[Site "?"]
[Date "2010.??.??"]
[Round "?"]
[White "Nejtek, Jiri"]
[Black "Nedoma, Petr"]
[Result "1/2-1/2"]
[WhiteElo "2449"]
[BlackElo "2395"]
[PlyCount "79"]
[EventDate "2010.??.??"]
[EventType "corr"]
[EventRounds "1"]
[SourceDate "2010.03.27"]

1. Nf3 d5 2. d4 Nf6 3. e3 c6 4. Bd3 e6 5. O-O c5 6. c3 Nc6 7. Nbd2 Qc7 8. e4
Be7 9. dxc5 Bxc5 10. exd5 Nxd5 11. Ne4 Be7 12. Re1 O-O 13. Qc2 Rd8 14. Ng3 g6
15. Bh6 b6 16. Rad1 Bb7 17. Ne4 Nf4 18. Bf1 Nh5 19. Neg5 Rxd1 20. Qxd1 Rd8 21.
Qe2 Bf8 22. Bxf8 Rxf8 23. Qc2 Nf6 24. Bc4 Na5 25. Bd3 h6 26. Ne4 Kg7 27. Nd4
Nh5 28. c4 e5 29. Nb5 Qe7 30. Qc3 a6 31. Nbd6 f5 32. Qa3 Nc6 33. Nxb7 Qxb7 34.
Nc3 Rd8 35. Nd5 Nf6 36. Nxf6 Kxf6 37. Bf1 h5 38. h4 Kg7 39. b4 Qe7 40. Qxa6
1/2-1/2

[Event "22MCRW_F"]
[Site "?"]
[Date "2010.??.??"]
[Round "?"]
[White "Bucek, Jiri"]
[Black "Hybl, Vladislav"]
[Result "1/2-1/2"]
[WhiteElo "2412"]
[BlackElo "2342"]
[PlyCount "50"]
[EventDate "2010.??.??"]
[EventType "corr"]
[EventRounds "1"]
[SourceDate "2010.03.27"]

1. e4 c5 2. Nf3 Nc6 3. Nc3 e5 4. Bc4 Be7 5. d3 d6 6. Nd2 Nf6 7. Nf1 Bg4 8. Qd2
Nd7 9. Ne3 Bg5 10. O-O Be6 11. Qd1 O-O 12. a4 Nb6 13. Ba2 Bxa2 14. Rxa2 Nc8 15.
Ra1 N8e7 16. Ncd5 Nxd5 17. Nxd5 Bxc1 18. Rxc1 Ne7 19. Ne3 f5 20. f4 fxe4 21.
fxe5 Rxf1+ 22. Qxf1 dxe5 23. dxe4 Qd2 24. Re1 Rf8 25. Qe2 Rd8 1/2-1/2

[Event "22MCRW_F"]
[Site "?"]
[Date "2010.??.??"]
[Round "?"]
[White "Pravec, Ladislav"]
[Black "Kuta, Jiri"]
[Result "1/2-1/2"]
[WhiteElo "2335"]
[BlackElo "2410"]
[PlyCount "59"]
[EventDate "2010.??.??"]
[EventType "corr"]
[EventRounds "1"]
[SourceDate "2010.03.27"]

1. d4 Nf6 2. c4 e6 3. Nf3 d5 4. Nc3 c6 5. e3 Nbd7 6. Bd3 dxc4 7. Bxc4 b5 8. Bd3
a6 9. e4 c5 10. e5 cxd4 11. Nxb5 axb5 12. exf6 gxf6 13. O-O Qb6 14. Qe2 Bb7 15.
Bxb5 Rg8 16. a4 Bd6 17. g3 Ke7 18. Rd1 Ne5 19. Nxe5 fxe5 20. b4 Bd5 21. Qh5 Rg7
22. Bh6 Rg6 23. Qh4+ f6 24. Bd3 Rag8 25. Bxg6 hxg6 26. Bd2 Kf7 27. Rdc1 Qb8 28.
Qh7+ Rg7 29. Qh3 Rg8 30. Qh7+ 1/2-1/2

[Event "22MCRW_F"]
[Site "?"]
[Date "2010.??.??"]
[Round "?"]
[White "Hybl, Vladislav"]
[Black "Pravec, Ladislav"]
[Result "1/2-1/2"]
[WhiteElo "2342"]
[BlackElo "2335"]
[PlyCount "49"]
[EventDate "2010.??.??"]
[EventType "corr"]
[EventRounds "1"]
[SourceDate "2010.03.27"]

1. d4 Nf6 2. c4 g6 3. Nc3 Bg7 4. e4 d6 5. Nf3 O-O 6. Be2 c5 7. d5 e6 8. O-O
exd5 9. cxd5 Re8 10. Nd2 Na6 11. f3 Nd7 12. Nc4 Ne5 13. Ne3 Nc7 14. f4 Nd7 15.
e5 Rf8 16. Ne4 dxe5 17. d6 Ne8 18. Nd5 Nb6 19. Ne7+ Kh8 20. f5 gxf5 21. Nxf5
Bxf5 22. Rxf5 Qd7 23. Bg4 Qc6 24. Bf3 Qd7 25. Bg4 1/2-1/2

[Event "22MCRW_F"]
[Site "?"]
[Date "2010.??.??"]
[Round "?"]
[White "Schwarz, Jan"]
[Black "Nejtek, Jiri"]
[Result "1/2-1/2"]
[WhiteElo "2312"]
[BlackElo "2449"]
[PlyCount "90"]
[EventDate "2010.??.??"]
[EventType "corr"]
[EventRounds "1"]
[SourceDate "2010.03.27"]

1. e4 e5 2. Nf3 Nc6 3. Bb5 Nf6 4. d3 Bc5 5. O-O d6 6. c3 O-O 7. Nbd2 Bb6 8. a4
a6 9. Bxc6 bxc6 10. a5 Ba7 11. Qc2 h6 12. b4 Re8 13. Re1 Nh5 14. d4 Qf6 15. Nb3
Bg4 16. Qd3 exd4 17. cxd4 Rab8 18. Bd2 Nf4 19. Bxf4 Qxf4 20. Nbd2 Rb5 21. g3
Qf6 22. Rac1 Bd7 23. e5 dxe5 24. Rxe5 Rexe5 25. dxe5 Qe7 26. Kg2 c5 27. bxc5
Bxc5 28. Nb3 Ba7 29. Nfd4 Bxd4 30. Nxd4 Rxa5 31. e6 Bxe6 32. Nxe6 Qxe6 33. Rxc7
Qd5+ 34. Qxd5 Rxd5 35. g4 a5 36. Ra7 h5 37. gxh5 Rxh5 38. f4 f6 39. Kg3 Kh7 40.
Kg4 Kg6 41. Ra8 Rc5 42. Ra6 Rb5 43. h3 Rc5 44. Ra8 Rb5 45. Ra6 Rc5 1/2-1/2

[Event "22MCRW_F"]
[Site "?"]
[Date "2010.??.??"]
[Round "?"]
[White "Javorsky, Jan"]
[Black "Novak, Vratislav"]
[Result "1/2-1/2"]
[WhiteElo "2320"]
[BlackElo "2337"]
[PlyCount "131"]
[EventDate "2010.??.??"]
[EventType "corr"]
[EventRounds "1"]
[SourceDate "2010.03.27"]

1. d4 Nf6 2. c4 e6 3. Nf3 b6 4. g3 Ba6 5. Qa4 Bb7 6. Bg2 c5 7. O-O Be7 8. Nc3
cxd4 9. Nxd4 Bxg2 10. Kxg2 Qc7 11. Rd1 O-O 12. Bf4 Qb7+ 13. f3 a6 14. Rd2 Rc8
15. Rad1 Ne8 16. Ne4 d6 17. Nc2 b5 18. Qb3 Nc6 19. Ne3 e5 20. Bg5 Bxg5 21. Nxg5
Nd4 22. Qd3 g6 23. Qe4 Qa7 24. Qh4 f6 25. Ne4 Qf7 26. Nd5 Rxc4 27. Ndxf6+ Nxf6
28. Qxf6 Qxf6 29. Nxf6+ Kg7 30. Ne4 d5 31. Nc3 Rd8 32. a3 Nf5 33. Nxd5 Rd4 34.
Rxd4 exd4 35. e4 Rxd5 36. exf5 gxf5 37. f4 Kf7 38. Kf2 Rd6 39. Ke2 Rh6 40. Rh1
Ke6 41. Kd3 Kd5 42. Re1 Rxh2 43. Re5+ Kc6 44. Rxf5 Rxb2 45. g4 Rg2 46. g5 a5
47. Kxd4 Rd2+ 48. Kc3 Ra2 49. Kb3 Rh2 50. Rf7 Kc5 51. Rc7+ Kd5 52. Rb7 Kc5 53.
f5 a4+ 54. Kc3 Ra2 55. Rc7+ Kd6 56. Rxh7 Rxa3+ 57. Kd4 Rg3 58. Rh6+ Ke7 59.
Re6+ Kf8 60. g6 Rg4+ 61. Kc5 a3 62. Kxb5 Kg7 63. Ra6 Rg5 64. Rxa3 Rxf5+ 65. Kc4
Kxg6 66. Kd4 1/2-1/2

[Event "22MCRW_F"]
[Site "?"]
[Date "2010.??.??"]
[Round "?"]
[White "Sykora, Josef"]
[Black "Binas, Jindrich"]
[Result "1/2-1/2"]
[WhiteElo "2351"]
[BlackElo "2197"]
[PlyCount "70"]
[EventDate "2010.??.??"]
[EventType "corr"]
[EventRounds "1"]
[SourceDate "2010.03.27"]

1. d4 Nf6 2. Nf3 e6 3. c4 b6 4. g3 Ba6 5. Qc2 c5 6. Bg2 Bb7 7. d5 exd5 8. cxd5
Nxd5 9. Qb3 Nf6 10. Ne5 d5 11. Nc3 Nbd7 12. Bf4 Be7 13. Rd1 Nxe5 14. Bxe5 O-O
15. O-O Qd7 16. Nxd5 Nxd5 17. Bxd5 Bxd5 18. Rxd5 Qc6 19. Rfd1 Rad8 20. e4 Rfe8
21. Rxd8 Rxd8 22. Rd5 Rf8 23. Qd1 Bf6 24. Bxf6 Qxf6 25. e5 Qe6 26. f4 c4 27. a4
h6 28. Rd7 Qc6 29. Rd6 Qc5+ 30. Kg2 Qb4 31. Qc2 b5 32. Kh3 bxa4 33. Rc6 Rb8 34.
Rxc4 Qe7 35. Rd4 Qe6+ 1/2-1/2

[Event "22MCRW_F"]
[Site "?"]
[Date "2010.??.??"]
[Round "?"]
[White "Machotka, Jaroslav"]
[Black "Laurenc, Petr"]
[Result "1/2-1/2"]
[WhiteElo "2200"]
[BlackElo "2349"]
[PlyCount "177"]
[EventDate "2010.??.??"]
[EventType "corr"]
[EventRounds "1"]
[SourceDate "2010.03.27"]

1. e4 e5 2. Nf3 Nc6 3. Bb5 a6 4. Bxc6 dxc6 5. O-O f6 6. d4 Bg4 7. c3 Bd6 8. Be3
Ne7 9. dxe5 fxe5 10. Nbd2 O-O 11. h3 Bh5 12. Qb3+ Bf7 13. c4 b6 14. Qc3 Ng6 15.
c5 bxc5 16. Ng5 Qf6 17. Nxf7 Qxf7 18. f3 Nf4 19. Bxf4 exf4 20. Nc4 Be7 21. b3
Rfe8 22. Rad1 Bf6 23. e5 Bh4 24. Nb2 Qf5 25. Qc4+ Kh8 26. Nd3 Rad8 27. Nxf4
Rxe5 28. Rxd8+ Bxd8 29. Nd3 Re2 30. Rf2 Re8 31. Kf1 Bf6 32. Re2 Rxe2 33. Kxe2
Bd4 34. Qxa6 Qe6+ 35. Kd1 h6 36. Ne1 Qf6 37. Qe2 Bg1 38. Nd3 Qa1+ 39. Nc1 c4
40. bxc4 c5 41. Qe8+ Kh7 42. Qe4+ Kh8 43. Kc2 Bd4 44. Qa8+ Kh7 45. Qa3 Bf6 46.
g3 Kg8 47. h4 Kf7 48. Qb3 Qe5 49. f4 Qe1 50. Qd3 Qa5 51. a3 Kg8 52. Qf3 Qa4+
53. Qb3 Qa6 54. Ne2 Kh8 55. a4 Qa5 56. Qb5 Qe1 57. Qe8+ Kh7 58. g4 Qa1 59. g5
hxg5 60. hxg5 Bd4 61. Qe4+ Kg8 62. Qd5+ Kh7 63. Qf5+ Kg8 64. Qe6+ Kh7 65. Qh3+
Kg6 66. Qd3+ Kf7 67. Qb3 Ke6 68. Kd2 c6 69. Nc1 Kd7 70. Qc2 Kc7 71. Kd3 Kb7 72.
Ke2 Kc7 73. Kf3 g6 74. Ke2 Bb2 75. Nb3 Qh1 76. Qxg6 Qh2+ 77. Kd1 Qxf4 78. Kc2
Bd4 79. Nd2 Qe3 80. Qh7+ Kd8 81. g6 Qa3 82. Qh4+ Kd7 83. Qg4+ Ke7 84. Qe4+ Kd7
85. Qf5+ Kc7 86. Qf7+ Kb6 87. Qf3 Qa1 88. Qg3 Ka6 89. Qb8 1/2-1/2

[Event "22MCRW_F"]
[Site "?"]
[Date "2010.??.??"]
[Round "?"]
[White "Valak, Alois"]
[Black "Hladecek, Miloslav"]
[Result "1/2-1/2"]
[WhiteElo "2439"]
[BlackElo "2416"]
[PlyCount "59"]
[EventDate "2010.??.??"]
[EventType "corr"]
[EventRounds "1"]
[SourceDate "2010.03.27"]

1. e4 e6 2. d4 d5 3. Nc3 Nf6 4. Bg5 dxe4 5. Nxe4 Nbd7 6. Nf3 Be7 7. Nxf6+ Bxf6
8. Bxf6 Nxf6 9. Bd3 O-O 10. O-O b6 11. Qe2 Bb7 12. Rad1 Qd5 13. Bc4 Qe4 14.
Rfe1 h6 15. Qd2 Qc6 16. Bf1 Qd6 17. Ne5 Rad8 18. Qe3 Qb4 19. b3 Qa3 20. c3 a6
21. Rd2 Qa5 22. Nc4 Qh5 23. f4 Qb5 24. g3 Ng4 25. Qe2 Nf6 26. Ne5 Qd5 27. Bg2
Qxg2+ 28. Qxg2 Bxg2 29. Kxg2 Rd6 30. Rc1 1/2-1/2

[Event "22MCRW_F"]
[Site "?"]
[Date "2010.??.??"]
[Round "?"]
[White "Vozda, Jindrich"]
[Black "Kyhos, Alois"]
[Result "1-0"]
[WhiteElo "2471"]
[BlackElo "2352"]
[PlyCount "69"]
[EventDate "2010.??.??"]
[EventType "corr"]
[EventRounds "1"]
[SourceDate "2010.03.27"]

1. e4 e5 2. Nf3 Nc6 3. Bb5 a6 4. Ba4 Nf6 5. O-O Be7 6. Re1 b5 7. Bb3 O-O 8. a4
Bb7 9. d3 d6 10. Nbd2 Na5 11. Ba2 c5 12. Nf1 b4 13. Bd2 Rb8 14. Ne3 Bc8 15. Nc4
Nc6 16. h3 h6 17. Nh2 Be6 18. Nf1 Qc7 19. f4 Qb7 20. f5 Bd7 21. a5 Qc7 22. Nfe3
Qd8 23. Rf1 Kh8 24. Nb6 Rb7 25. Nbd5 Rb5 26. Ng4 Rxa5 27. Ngxf6 Bxf6 28. h4 c4
29. Nxf6 Qxf6 30. Qh5 Kg8 31. g4 b3 32. cxb3 Rxa2 33. Rxa2 cxd3 34. Rxa6 Rc8
35. Rf2 1-0

[Event "22MCRW_F"]
[Site "?"]
[Date "2010.??.??"]
[Round "?"]
[White "Hladecek, Miloslav"]
[Black "Vozda, Jindrich"]
[Result "1/2-1/2"]
[WhiteElo "2416"]
[BlackElo "2471"]
[PlyCount "65"]
[EventDate "2010.??.??"]
[EventType "corr"]
[EventRounds "1"]
[SourceDate "2010.03.27"]

1. e4 e5 2. Nf3 Nc6 3. Bb5 a6 4. Bxc6 dxc6 5. O-O Qd6 6. Na3 b5 7. c3 c5 8. Nc2
Bb7 9. Re1 Ne7 10. a4 b4 11. Qe2 Nc6 12. Ne3 Qd7 13. d3 O-O-O 14. Nd5 f6 15.
Be3 Nb8 16. c4 Nc6 17. Nd2 h5 18. a5 h4 19. h3 Nd4 20. Bxd4 exd4 21. f4 Bd6 22.
Rac1 Rde8 23. Nf3 Qf7 24. Qd2 Kb8 25. Re2 Qh5 26. Rce1 Rhf8 27. Rf2 Rh8 28.
Rfe2 Rhf8 29. Rf2 Rh8 30. b3 Rhf8 31. Rfe2 Ka7 32. Rf2 Rh8 33. Rfe2 1/2-1/2

[Event "22MCRW_F"]
[Site "?"]
[Date "2010.??.??"]
[Round "?"]
[White "Laurenc, Petr"]
[Black "Valak, Alois"]
[Result "1/2-1/2"]
[WhiteElo "2349"]
[BlackElo "2439"]
[PlyCount "88"]
[EventDate "2010.??.??"]
[EventType "corr"]
[EventRounds "1"]
[SourceDate "2010.03.27"]

1. d4 Nf6 2. c4 g6 3. Nc3 Bg7 4. e4 d6 5. f3 O-O 6. Be3 Nc6 7. Nge2 a6 8. Qd2
Rb8 9. Rc1 Bd7 10. Nd1 b5 11. c5 d5 12. e5 Ne8 13. Nf2 f6 14. f4 Bh8 15. g4 Ng7
16. Ng3 Be6 17. h4 Qd7 18. h5 fxe5 19. hxg6 hxg6 20. fxe5 Rf3 21. Ne2 Bxg4 22.
Nf4 Bf5 23. Bg2 Rxf4 24. Bxf4 Ne6 25. Be3 Rf8 26. Rd1 Bg7 27. O-O Ned8 28. Nh1
e6 29. Ng3 Ne7 30. Rf2 Bg4 31. Rxf8+ Bxf8 32. Ra1 Nf5 33. Nxf5 exf5 34. Bh6 Be7
35. Bg5 c6 36. a4 b4 37. Rf1 Ne6 38. Be3 g5 39. Qxb4 f4 40. Bd2 Qa7 41. Qb6 Qa8
42. Qb4 Qa7 43. Qb6 Qa8 44. Qb4 Qa7 1/2-1/2

[Event "22MCRW_F"]
[Site "?"]
[Date "2010.??.??"]
[Round "?"]
[White "Binas, Jindrich"]
[Black "Machotka, Jaroslav"]
[Result "1/2-1/2"]
[WhiteElo "2197"]
[BlackElo "2200"]
[PlyCount "59"]
[EventDate "2010.??.??"]
[EventType "corr"]
[EventRounds "1"]
[SourceDate "2010.03.27"]

1. e4 e5 2. Nf3 Nc6 3. Bb5 a6 4. Ba4 Nf6 5. O-O Be7 6. Re1 b5 7. Bb3 d6 8. a4
Bg4 9. c3 O-O 10. h3 Bh5 11. d3 Qd7 12. Nbd2 Na5 13. Bc2 b4 14. Nf1 Rab8 15.
Ng3 bxc3 16. bxc3 Bxf3 17. Qxf3 Nb3 18. Rb1 Nxc1 19. Rexc1 g6 20. d4 c6 21. Qd3
a5 22. Nf1 Qe6 23. Qe3 d5 24. dxe5 Qxe5 25. exd5 Qxe3 26. Nxe3 cxd5 27. Kf1
Rbc8 28. Bd3 Rc7 29. Rc2 Rfc8 30. Ba6 1/2-1/2

[Event "22MCRW_F"]
[Site "?"]
[Date "2010.??.??"]
[Round "?"]
[White "Novak, Vratislav"]
[Black "Sykora, Josef"]
[Result "1/2-1/2"]
[WhiteElo "2337"]
[BlackElo "2351"]
[PlyCount "51"]
[EventDate "2010.??.??"]
[EventType "corr"]
[EventRounds "1"]
[SourceDate "2010.03.27"]

1. e4 c6 2. d4 d5 3. e5 c5 4. dxc5 e6 5. Be3 Nd7 6. Bb5 Qc7 7. Nf3 Bxc5 8. Bxc5
Qxc5 9. Nc3 Ne7 10. O-O O-O 11. Re1 h6 12. Qd2 Qb6 13. a3 a6 14. Bd3 Nc5 15. b4
Nxd3 16. cxd3 Bd7 17. Rab1 Rfc8 18. Rec1 Rc7 19. g3 Rac8 20. Ne2 Rxc1+ 21. Rxc1
Rxc1+ 22. Qxc1 Bb5 23. Qc2 Qc6 24. Qd2 Qc7 25. Ned4 Ba4 26. h4 1/2-1/2

[Event "22MCRW_F"]
[Site "?"]
[Date "2010.??.??"]
[Round "?"]
[White "Nejtek, Jiri"]
[Black "Javorsky, Jan"]
[Result "1/2-1/2"]
[WhiteElo "2449"]
[BlackElo "2320"]
[PlyCount "103"]
[EventDate "2010.??.??"]
[EventType "corr"]
[EventRounds "1"]
[SourceDate "2010.03.27"]

1. Nf3 d5 2. d4 Nf6 3. e3 c5 4. c3 Nbd7 5. Nbd2 Qc7 6. Bd3 g6 7. O-O Bg7 8. Qe2
O-O 9. Re1 e5 10. dxe5 Nxe5 11. Nxe5 Qxe5 12. e4 Bg4 13. f3 Be6 14. exd5 Qxe2
15. Bxe2 Bxd5 16. Bf1 Be6 17. Nc4 b5 18. Nd6 b4 19. cxb4 cxb4 20. Bf4 Nd7 21.
Nb5 Bxb2 22. Rad1 Nb6 23. Nc7 Bc3 24. Nxa8 Rxa8 25. Bd2 Na4 26. Rxe6 fxe6 27.
Be3 Nb2 28. Rd6 a5 29. Bb5 a4 30. Bd7 Kf8 31. Bxe6 Ra5 32. h4 Re5 33. Bf4 Re1+
34. Kh2 Nd3 35. Bg3 Rxe6 36. Rxe6 Kf7 37. Re2 b3 38. axb3 axb3 39. Re3 b2 40.
Rxd3 b1=Q 41. Rxc3 Ke6 42. Re3+ Kd7 43. Re4 h5 44. Bf4 Qc2 45. Kg3 Qc3 46. Re5
Qc4 47. Re3 Kc6 48. Re7 Qa2 49. Re5 Kd7 50. Re4 Qa1 51. Kh2 Qb2 52. Kg3 1/2-1/2

[Event "22MCRW_F"]
[Site "?"]
[Date "2010.??.??"]
[Round "?"]
[White "Bucek, Jiri"]
[Black "Schwarz, Jan"]
[Result "1/2-1/2"]
[WhiteElo "2412"]
[BlackElo "2312"]
[PlyCount "57"]
[EventDate "2010.??.??"]
[EventType "corr"]
[EventRounds "1"]
[SourceDate "2010.03.27"]

1. d4 d5 2. c4 c6 3. Nf3 Nf6 4. Nc3 e6 5. e3 Nbd7 6. Qc2 Bd6 7. Bd3 O-O 8. O-O
dxc4 9. Bxc4 a6 10. Rd1 c5 11. dxc5 Bxc5 12. Bd3 Qc7 13. b3 b5 14. Ne4 Bb7 15.
Nxf6+ Nxf6 16. Ba3 Rfc8 17. Rac1 Bb6 18. Qb1 Qb8 19. Rxc8+ Qxc8 20. Ng5 g6 21.
Ne4 Nxe4 22. Bxe4 f5 23. Bxb7 Qxb7 24. Qb2 Rd8 25. Rxd8+ Bxd8 26. Qd4 Qd5 27.
Qxd5 exd5 28. Kf1 Kf7 29. Ke2 1/2-1/2

[Event "22MCRW_F"]
[Site "?"]
[Date "2010.??.??"]
[Round "?"]
[White "Kuta, Jiri"]
[Black "Hybl, Vladislav"]
[Result "1/2-1/2"]
[WhiteElo "2410"]
[BlackElo "2342"]
[PlyCount "42"]
[EventDate "2010.??.??"]
[EventType "corr"]
[EventRounds "1"]
[SourceDate "2010.03.27"]

1. e4 e6 2. d4 d5 3. Nc3 Nf6 4. Bg5 dxe4 5. Nxe4 Be7 6. Bxf6 Bxf6 7. Nf3 O-O 8.
Bc4 Nd7 9. Qe2 a6 10. O-O b5 11. Bd3 Bb7 12. a4 b4 13. Rad1 c5 14. Nxf6+ Nxf6
15. dxc5 Qa5 16. Qe3 Bxf3 17. Qxf3 Qxc5 18. Rfe1 a5 19. c4 bxc3 20. bxc3 Rfd8
21. Bb5 h6 1/2-1/2

[Event "22MCRW_F"]
[Site "?"]
[Date "2010.??.??"]
[Round "?"]
[White "Schwarz, Jan"]
[Black "Pravec, Ladislav"]
[Result "0-1"]
[WhiteElo "2312"]
[BlackElo "2335"]
[PlyCount "82"]
[EventDate "2010.??.??"]
[EventType "corr"]
[EventRounds "1"]
[SourceDate "2010.03.27"]

1. e4 c5 2. Nf3 Nc6 3. d4 cxd4 4. Nxd4 Nf6 5. Nc3 e5 6. Ncb5 exd4 7. Bf4 d6 8.
Nxd4 Nxe4 9. Bb5 Qf6 10. Be3 Bd7 11. O-O Be7 12. Re1 Nc5 13. c3 Ne6 14. Qa4
Nexd4 15. Bxd4 Qf5 16. Be3 O-O 17. Rad1 Rfe8 18. Qb3 Be6 19. Qa4 a6 20. Bd3 Qa5
21. Qc2 g6 22. a3 Ne5 23. Bf1 d5 24. Qc1 Rac8 25. h3 Qc7 26. Bf4 Bd6 27. Be2
Nf3+ 28. Bxf3 Bxf4 29. Qc2 Rcd8 30. Qa4 Kg7 31. h4 Bd7 32. Qb3 Rxe1+ 33. Rxe1
Be6 34. Qd1 Bh2+ 35. Kh1 Be5 36. Qe2 f6 37. g3 d4 38. cxd4 Rxd4 39. h5 Qd7 40.
Kg1 Bc4 41. Qe3 gxh5 0-1

[Event "22MCRW_F"]
[Site "?"]
[Date "2010.??.??"]
[Round "?"]
[White "Sykora, Josef"]
[Black "Nejtek, Jiri"]
[Result "1/2-1/2"]
[WhiteElo "2351"]
[BlackElo "2449"]
[PlyCount "83"]
[EventDate "2010.??.??"]
[EventType "corr"]
[EventRounds "1"]
[SourceDate "2010.03.27"]

1. d4 d5 2. c4 e6 3. Nf3 Nf6 4. Nc3 c5 5. cxd5 Nxd5 6. e4 Nxc3 7. bxc3 cxd4 8.
cxd4 Nc6 9. Bc4 b5 10. Be2 Bb4+ 11. Bd2 Qa5 12. a4 Bxd2+ 13. Qxd2 bxa4 14. Qxa5
Nxa5 15. Rxa4 Nb7 16. Bb5+ Bd7 17. Bxd7+ Kxd7 18. Kd2 Rhc8 19. Ne5+ Ke8 20. Rb1
Rc7 21. Ra6 Nd8 22. Rb2 f6 23. Nd3 Nc6 24. Ke3 Rac8 25. g4 g5 26. e5 fxe5 27.
Nxe5 h6 28. Ke4 Ke7 29. Nxc6+ Rxc6 30. Rxa7+ R8c7 31. Rxc7+ Rxc7 32. h4 Kf7 33.
hxg5 hxg5 34. Ke5 Ra7 35. Rb5 Ke7 36. f3 Kf7 37. Rc5 Ke7 38. d5 exd5 39. Rxd5
Ra3 40. Kf5 Rxf3+ 41. Kxg5 Rf7 42. Kh5 1/2-1/2

[Event "22MCRW_F"]
[Site "?"]
[Date "2010.??.??"]
[Round "?"]
[White "Machotka, Jaroslav"]
[Black "Novak, Vratislav"]
[Result "1/2-1/2"]
[WhiteElo "2200"]
[BlackElo "2337"]
[PlyCount "141"]
[EventDate "2010.??.??"]
[EventType "corr"]
[EventRounds "1"]
[SourceDate "2010.03.27"]

1. e4 c6 2. d4 d5 3. e5 c5 4. dxc5 e6 5. Be3 Ne7 6. Nf3 Nf5 7. Bg5 Qa5+ 8. c3
Qxc5 9. Na3 Qb6 10. g4 Nh6 11. h3 a6 12. Qd2 Ng8 13. Be3 Qc7 14. Nc2 Nc6 15.
O-O-O Nge7 16. Re1 Ng6 17. Bd4 Nxd4 18. Ncxd4 Be7 19. h4 h5 20. Rg1 hxg4 21.
Rxg4 Nxh4 22. Nxh4 Rxh4 23. Rxg7 Bd7 24. Rg8+ Bf8 25. Nf3 Rh1 26. Qg5 Qc5 27.
Qg2 Rh6 28. Ng5 f5 29. exf6 Rxf6 30. Nh7 Rxf2 31. Qg5 Qe7 32. Qg6+ Kd8 33. Bh3
Rc8 34. Nxf8 Rxf8 35. Rxf8+ Qxf8 36. Bxe6 Bxe6 37. Qxe6 Kc7 38. Qxd5 Qh6+ 39.
Kc2 Qg6+ 40. Kb3 Qb6+ 41. Ka3 Qd6+ 42. Qxd6+ Kxd6 43. Kb4 Rf8 44. c4 Rf2 45.
Rb1 b6 46. a3 Kc6 47. b3 Rf4 48. Rg1 a5+ 49. Ka4 Re4 50. Rg6+ Kb7 51. Rg5 Kc6
52. Rg6+ Kb7 53. Rg7+ Kc6 54. Rg5 Rh4 55. b4 axb4 56. axb4 Rxc4 57. Rg6+ Kb7
58. Kb5 Rd4 59. Rxb6+ Ka7 60. Ra6+ Kb7 61. Rb6+ Ka7 62. Rh6 Rd7 63. Ka5 Kb7 64.
b5 Ka7 65. Rc6 Kb7 66. Rb6+ Ka7 67. Ra6+ Kb7 68. Re6 Ka7 69. Rh6 Kb7 70. Rh8
Ka7 71. Rh5 1/2-1/2

[Event "22MCRW_F"]
[Site "?"]
[Date "2010.??.??"]
[Round "?"]
[White "Valak, Alois"]
[Black "Binas, Jindrich"]
[Result "1-0"]
[WhiteElo "2439"]
[BlackElo "2197"]
[PlyCount "49"]
[EventDate "2010.??.??"]
[EventType "corr"]
[EventRounds "1"]
[SourceDate "2010.03.27"]

1. e4 c5 2. Nf3 d6 3. d4 cxd4 4. Nxd4 Nf6 5. Nc3 a6 6. Bg5 e6 7. f4 Qb6 8. Nb3
Nbd7 9. Qe2 Be7 10. O-O-O Qc7 11. g4 h6 12. Bh4 g5 13. fxg5 Nh7 14. Bg3 hxg5
15. h4 gxh4 16. Bxh4 Ng5 17. Nd4 Ne5 18. Nf5 Ng6 19. Qf2 exf5 20. exf5 Nxh4 21.
Rxh4 Rxh4 22. Qxh4 Qd8 23. Bg2 Bf6 24. Nd5 Ne6 25. Nxf6+ 1-0

[Event "22MCRW_F"]
[Site "?"]
[Date "2010.??.??"]
[Round "?"]
[White "Vozda, Jindrich"]
[Black "Laurenc, Petr"]
[Result "1-0"]
[WhiteElo "2471"]
[BlackElo "2349"]
[PlyCount "117"]
[EventDate "2010.??.??"]
[EventType "corr"]
[EventRounds "1"]
[SourceDate "2010.03.27"]

1. e4 e5 2. Nf3 Nc6 3. Bb5 a6 4. Ba4 Nf6 5. O-O Be7 6. Re1 b5 7. Bb3 d6 8. c3
O-O 9. d4 Bg4 10. Be3 exd4 11. cxd4 Na5 12. Bc2 Nc4 13. Bc1 c5 14. b3 Nb6 15.
Nbd2 Nfd7 16. h3 Bh5 17. a4 bxa4 18. bxa4 a5 19. dxc5 Nxc5 20. Ba3 Ne6 21. Bd3
Nd7 22. Bb5 Ndc5 23. Nc4 Ng5 24. Ncd2 Rc8 25. Rc1 Qb6 26. Qe2 Rc7 27. Rc4 Rfc8
28. Qe3 Nge6 29. g3 Qb7 30. Nd4 Nxd4 31. Rxd4 Ne6 32. Rd3 Rc2 33. Rb1 Bg5 34.
f4 Bf6 35. e5 Bd8 36. Bc4 Qxb1+ 37. Nxb1 R8xc4 38. Rd2 Bg6 39. exd6 h5 40. Rxc2
Bxc2 41. Nc3 Bf6 42. Ne2 Rd4 43. Kf2 Rd3 44. Qc1 Bxa4 45. Bb2 Bd7 46. Bxf6 gxf6
47. f5 Ng5 48. Nf4 Ne4+ 49. Ke2 Rxd6 50. Nxh5 Kf8 51. Qa3 Bxf5 52. g4 Bg6 53.
Nxf6 Ke7 54. Nd5+ Kf8 55. Nf4 Kg8 56. Qxa5 Nf6 57. h4 Kf8 58. h5 Bc2 59. Qe5
1-0

[Event "22MCRW_F"]
[Site "?"]
[Date "2010.??.??"]
[Round "?"]
[White "Kyhos, Alois"]
[Black "Hladecek, Miloslav"]
[Result "0-1"]
[WhiteElo "2352"]
[BlackElo "2416"]
[PlyCount "78"]
[EventDate "2010.??.??"]
[EventType "corr"]
[EventRounds "1"]
[SourceDate "2010.03.27"]

1. e4 e6 2. d4 d5 3. Nc3 Nf6 4. Bg5 dxe4 5. Nxe4 Nbd7 6. Nf3 Be7 7. Nxf6+ Bxf6
8. h4 h6 9. Be3 b6 10. c3 Bb7 11. Qa4 a6 12. O-O-O b5 13. Qc2 Qc8 14. Nd2 c5
15. Ne4 Be7 16. Rh3 cxd4 17. Bxd4 Qc6 18. Ng3 Rg8 19. Qe2 O-O-O 20. Nh5 g6 21.
Nf4 Nc5 22. Re3 Bxh4 23. g3 Bg5 24. b3 Rd7 25. Kb1 Rgd8 26. Rd2 Qd6 27. Rc2 Qe7
28. f3 Kb8 29. Re5 Rc7 30. Rd2 h5 31. Re3 h4 32. Qe1 Rd6 33. Be5 Rxd2 34. Qxd2
hxg3 35. Bd6 Qd8 36. Qd4 Ka8 37. Bxc7 Qxc7 38. Re5 f6 39. Rxe6 Bxf4 0-1